Faces of Science /

Bibliographic Details
Main Author: Nalimov, V. V. (Vasiliĭ Vasilʹevich), 1910-1997
Other Authors: Colodny, Robert Garland
Format: Book
Language:English
Russian
Published: Philadelphia : ISI Press, [1981]
Subjects:

MARC

Tag First Indicator Second Indicator Subfields
LEADER 00000cam a2200000 a 4500
001 in00000085514
005 20151008061522.0
008 810706s1981 paua b 00110 eng
010 |a  81006654  
020 |a 089495010X :  |c $22.50 
035 |a (OCoLC)07614593 
035 |9 AAJ8236AM 
039 0 |a 2  |b 3  |c 3  |d 3  |e 3 
040 |a DLC  |c DLC  |d OCL  |d TXA  |d UtOrBLW 
041 1 |a eng  |a rus 
049 |a TXAM  |c [1561236] 
050 0 0 |a Q175  |b .N225 
082 0 |a 501  |2 19 
100 1 |a Nalimov, V. V.  |q (Vasiliĭ Vasilʹevich),  |d 1910-1997. 
245 1 0 |a Faces of Science /  |c by V.V. Nalimov ; edited by Robert G. Colodny ; illustrations by Mikhail Zlatkovsky. 
264 1 |a Philadelphia :  |b ISI Press,  |c [1981] 
264 4 |c ©1981 
300 |a xv, 297 pages :  |b illustrations ;  |c 24 cm. 
336 |a text  |b txt  |2 rdacontent 
337 |a unmediated  |b n  |2 rdamedia 
338 |a volume  |b nc  |2 rdacarrier 
500 |a Translation from the Russian. 
500 |a Includes indexes. 
504 |a Bibliography: pages 279-287. 
650 0 |a Science  |x Philosophy. 
650 0 |a Science  |x Methodology. 
650 0 |a Mathematical linguistics. 
700 1 |a Colodny, Robert Garland. 
999 |a MARS 
999 f f |s d7309344-227d-3ac7-acdf-322f8dcfe806  |i 06b58398-8850-301c-9d1e-56ef1448404e  |t 0 
952 f f |p ric  |a Texas A&M University  |b Rellis Campus  |c Joint Library Facility  |d Remote Storage  |t 0  |e Q175 .N225  |h Library of Congress classification  |i unmediated -- volume  |m A14806199375 
998 f f |a Q175 .N225  |t 0  |l Remote Storage